000 00470nam a2200181Ia 4500
001 21118
005 20260306172855.0
008 260306t2014||||xx |||||||||||||| ||spa||
041 _aESP
082 _a344
_bR769 T. 2
100 _aRoxin, Claus,
_eAUT
245 0 _aDerecho penal, parte general :
_bespeciales formas de aparición del delito
260 _c2014
300 _a1069 páginas :
_c24 cm.
650 _aGEN
654 _aCDE
942 _cLIB
_dJUS
_fJUS
_2ddc
_n
999 _c21118
_d21118